A companion to modern European history : 1871-1945

Αποθηκεύτηκε σε:
Λεπτομέρειες βιβλιογραφικής εγγραφής
Άλλοι συγγραφείς: Pugh, Martin (Επιμελητής έκδοσης)
Μορφή: Βιβλίο
Γλώσσα:English
Δημοσίευση: Oxford : Blackwell Publishers, c1997
Θέματα:
Ετικέτες: Προσθήκη ετικέτας
Δεν υπάρχουν, Καταχωρήστε ετικέτα πρώτοι!

MARC

LEADER 00000nam a2200000 i 4500
001 1/86046
008 990712s1997 eng d
020 |a 0-631-19218-2 
035 |l 10051993 
040 |a GR-MY-UA  |b gre  |e aacr 
041 0 |a eng 
082 0 |a 940.28 
245 1 2 |a A companion to modern European history :  |b 1871-1945 /  |c edited by Martin Pugh 
260 |a Oxford :   |b Blackwell Publishers,   |c c1997 
300 |a 407 p. 
504 |a Includes bibliographical references and index 
651 0 |a Europe  |x History  |y 1871-1918. 
651 0 |a Europe  |x History  |y 1918-1945. 
700 1 |a Pugh, Martin.  |4 edt 
852 |a INST  |b LESVOS  |e 19990712  |h 940.28 COM  |p 005100019662  |q 005100019662  |t BK  |y 0 
901 |a BIBL1-1999-2 
909 |a Λ  |b 062820 
922 |a 1ΕΛΗ  |b 199812  |c ΚΠΣ/ΚΥΒ  |d LEADER 
950 |a 023-1998-09-14 
970 |a ΤΖΑΦΕΡΗ  |b ΕΥΑΓΓΕΛΙΑ  |z 1999/08/26